00393nam a2200193Ia 4500003000900000008004100009040001300050040001300063041000800076100002000084245002100104250001200125260001400137260000900151300001100160300001200171490001000183490000600193IT-RoPAU120407s9999 xx 000 0 und d aIT-RoPAU cIT-RoPAU aita aJacques Dournes aDio ama i pagani aMilano  aJaca Book c1966 a211 p. c20,5 cm aSaggi v3